| 000 | 00923nam0a2200289 4500 | ||
|---|---|---|---|
| 001 | RU\NLR\bibl\462256 | ||
| 005 | 20250623184306.0 | ||
| 010 |
_a5-7628-0318-X _91000 |
||
| 021 |
_aRU _b2003-48568 _92337 |
||
| 035 | _a(NLR Aleph) 000455690 | ||
| 090 |
_a902028 _c902028 |
||
| 100 | _a20031119d2003 |||y0rusy50 ca | ||
| 101 | 0 | _arus | |
| 102 | _aRU | ||
| 105 | _aa ||||||||| | ||
| 200 | 1 |
_aХолостяк под огнем _eПовесть _fФеликс Овсеенко _g[Худож. Н.В. Смит, С.В. Соколов] |
|
| 210 |
_aН.Новгород _cНижполиграф _d2003 |
||
| 215 |
_a160 с. _cил. _d20 |
||
| 686 | _aШ6(2=Р)75-440.4 | ||
| 700 | 1 |
_aОвсеенко _bФ. В. _gФеликс Владимирович _4070 |
|
| 801 | 0 |
_aRU _bNLR _c20031119 _gPSBO |
|
| 801 | 1 |
_aRU _bNLR _c20031119 |
|
| 942 | _cBOOK | ||
| 980 | _aNB | ||
| 980 | _aNBR | ||